QUALITY SAFETY AND BIOLOGICAL SCREENING OF MEDICINAL PLANTS USED IN AYURVEDA & SIDHA AND FORMULATIONS FORIMMULATED EFICIENCY (Record no. 34643)

MARC details
000 -LEADER
fixed length control field 00563nam a22001697a 4500
003 - CONTROL NUMBER IDENTIFIER
control field SGT
020 ## - INTERNATIONAL STANDARD BOOK NUMBER
International Standard Book Number 9789383864300
082 ## - DEWEY DECIMAL CLASSIFICATION NUMBER
Classification number 615.53
Item number Q18D
100 ## - MAIN ENTRY--PERSONAL NAME
Personal name DHIMAN, VAIDYA K.S,ed.
245 ## - TITLE STATEMENT
Title QUALITY SAFETY AND BIOLOGICAL SCREENING OF MEDICINAL PLANTS USED IN AYURVEDA & SIDHA AND FORMULATIONS FORIMMULATED EFICIENCY
250 ## - EDITION STATEMENT
Edition statement 1ST
260 ## - PUBLICATION, DISTRIBUTION, ETC. (IMPRINT)
Place of publication, distribution, etc NEW DELHI
Name of publisher, distributor, etc CCRAS
Year of Publication 2018
300 ## - PAGE DESCRIPTION
No. of Pages 474
650 ## - SUBJECT ADDED ENTRY--TOPICAL TERM
Topical term or geographic name as entry element AYURVEDA
653 ## - KEYWORDS--INDEX TERM
Keyword term QUALITY, SAFETY, BIOLOGICAL, SCREENING , MEDICINAL, PLANTS, USED, AYURVEDA, SIDHA , FORIMMULATED, EFICIENCY
942 ## - ADDED ENTRY ELEMENTS (KOHA)
Source of classification or shelving scheme Dewey Decimal Classification
Koha item type Books
Holdings
Withdrawn status Lost status Source of classification or shelving scheme Damaged status Use restrictions Not for loan Collection code Home library Current library Shelving location Date acquired Vendor Name Cost, normal purchase price SGTU Bill Number Total Checkouts Full call number Accession No. (Barcode) Date last seen Bill Date Koha item type
    Dewey Decimal Classification   Restricted Access   AYURVEDA SGT FA-FP Library SGT FA-FP Library Reference Book 24/04/2026 ABC PVT. LTD. 800.00 SGTU 22873   615.53 Q18D FA13306 24/04/2026 10/04/2026 Books
    Dewey Decimal Classification   Restricted Access   AYURVEDA SGT FA-FP Library SGT FA-FP Library Reference Book 24/04/2026 ABC PVT. LTD. 800.00 SGTU 22873   615.53 Q18D FA13307 24/04/2026 10/04/2026 Books